1787 1595 1191 1010 1215 1379 1962 1649 1382 1717 1674 1467 1003 1590 1289 1615 1073 1561 1017 1716 1775 1818 1932 1486 1920 1087 1472 1818 1361 1977 1331 1726 1801 1669 1859 1051 1480 1370 1335 1725 1058 1848 1367 1006 1073 1378 1574 1810 1391 1194 1864 1884 1114 1756 1110 1703 1292 1700 1215 1387 1689 1695 1870 1639 1983 1511 1078 1190 1649 1642 1426 1928 1896 1378 1334 1400 1530 1286 1599 1660 1759 1428 1566 1029 1564 1974 1016 1709 1529 1023 1852 1887 1519 1782 1098 1700 1613 1694 1746 BCNSPRNW ULIB Ver.6.0+V

เปลี่ยนเป็นภาษาไทย

Change to English
 แสดงรายละเอียดบรรณานุกรม
  กลับหน้าหลัก

Brief Record : Get Marc (ISO 2709) : E-mail record : QR code < ปิดหน้าต่าง
LEADER : 00000nam 2200000uu 4500
001    13399120880
003     ULIB
008    121022s2547||||th 000 0 tha d
060  4 ^aD^bส843ก 2547
110 1  ^aโครงการสวัสดิการสถาบันพระบรมราชชนก
245 00 ^aก้าวย่างของผู้บริหารสถาบันพระบรมราชชนก/^cพูลศักดิ์ พุ่มวิเศษ
260    ^aนนทบุรี:^bสถาบันพระบรมราชชนก,^c2547
300    ^a188 หน้า:^bภาพประกอบสี
650  7 ^aสถาบันพระบรมราชชนก
700 0  ^aพูลศักดิ์ พุ่มวิเศษ
945    ^p0^l0^i13664
945    ^p0^l0^i13665
995    ^aกัณชพร
999 ^a ใช้งานได้ทุกระบบ
รายการนี้ยังไม่มีแท็ก
คุณยังไม่ได้ล็อกอิน คุณสามารถมีกิจกรรมร่วมกับเว็บไซต์ได้ แต่ต้องล็อกอินก่อน ::
  ล็อกอิน

รายการสื่อสารสนเทศ

ลำดับที่ ประเภท เลขเรียก/บาร์โค้ด สถานที่ สถานะ
1. วิทยาศาสตร์การแพทย์ และสุขภาพ
วิทยาศาสตร์การแพทย์ และสุขภาพ
D ส843ก 2547  
  Barcode: 13664
ห้องสมุดวิทยาเขตสวรรค์ประชารักษ์
►หนังสือทั่วไป
บนชั้น
2. วิทยาศาสตร์การแพทย์ และสุขภาพ
วิทยาศาสตร์การแพทย์ และสุขภาพ
D ส843ก 2547 ฉ.2 
  Barcode: 13665
ห้องสมุดวิทยาเขตสวรรค์ประชารักษ์
►หนังสือทั่วไป
บนชั้น

รายการใกล้เคียง
    หัวเรื่อง [สถาบันพระบรมราชชนก]

BibComment


ยังไม่เคยถูกคอมเมนท์

คอมเมนท์ทรัพยากรรายการนี้
  คอมเมนท์: ก้าวย่างของผู้บร..


 Copyright 2026. Bcnsprnw @Library